<?xml version="1.0" encoding="UTF-8"?>
<record
    xmlns:xsi="http://www.w3.org/2001/XMLSchema-instance"
    xsi:schemaLocation="http://www.loc.gov/MARC21/slim http://www.loc.gov/standards/marcxml/schema/MARC21slim.xsd"
    xmlns="http://www.loc.gov/MARC21/slim">

  <leader>00562nam a22001577a 4500</leader>
  <controlfield tag="003">OSt</controlfield>
  <controlfield tag="005">20150910160833.0</controlfield>
  <controlfield tag="008">150910b        xxu||||| |||| 00| 0 eng d</controlfield>
  <datafield tag="040" ind1=" " ind2=" ">
    <subfield code="c">RUA</subfield>
  </datafield>
  <datafield tag="082" ind1=" " ind2=" ">
    <subfield code="a">AGR &#x179F;&#x17CA;&#x17B7;&#x1793; 1995 BOO11 Or.1</subfield>
  </datafield>
  <datafield tag="100" ind1=" " ind2=" ">
    <subfield code="9">265</subfield>
    <subfield code="a">&#x179F;&#x17CA;&#x17B7;&#x1793; &#x179F;&#x17C4;&#x1797;&#x17D0;&#x178E;&#x17D2;&#x178C;</subfield>
  </datafield>
  <datafield tag="245" ind1=" " ind2=" ">
    <subfield code="a">DETILLERING STUDY ON THE RICE PLANT,&#x179F;&#x17B7;&#x1780;&#x17D2;&#x179F;&#x17B6;&#x17A2;&#x1796;&#x17B8;&#x17A5;&#x1791;&#x17D2;&#x1792;&#x17B7;&#x1796;&#x179B;&#x1793;&#x17C3;&#x1780;&#x17B6;&#x179A;&#x1781;&#x17BC;&#x1785;&#x1781;&#x17B6;&#x178F;&#x178A;&#x17BE;&#x1798;&#x1791;&#x17C5;&#x179B;&#x17BE;&#x1791;&#x17B7;&#x1793;&#x17D2;&#x1793;&#x1795;&#x179B;&#x179F;&#x17D2;&#x179A;&#x17BC;&#x179C; </subfield>
  </datafield>
  <datafield tag="260" ind1=" " ind2=" ">
    <subfield code="a">PHNOMPHEN</subfield>
    <subfield code="b">RUA</subfield>
    <subfield code="c">1995</subfield>
  </datafield>
  <datafield tag="300" ind1=" " ind2=" ">
    <subfield code="a">64P.</subfield>
    <subfield code="b">ILL.</subfield>
    <subfield code="c">29CM.</subfield>
  </datafield>
  <datafield tag="942" ind1=" " ind2=" ">
    <subfield code="2">ddc</subfield>
    <subfield code="c">AGR</subfield>
  </datafield>
  <datafield tag="999" ind1=" " ind2=" ">
    <subfield code="c">246</subfield>
    <subfield code="d">246</subfield>
  </datafield>
  <datafield tag="952" ind1=" " ind2=" ">
    <subfield code="0">0</subfield>
    <subfield code="1">0</subfield>
    <subfield code="2">ddc</subfield>
    <subfield code="4">0</subfield>
    <subfield code="6">AGR_&#x179F;&#x17B7;&#x1793;_1995_000000000000000_BOO11_OR_1</subfield>
    <subfield code="7">0</subfield>
    <subfield code="9">1083</subfield>
    <subfield code="a">LBB</subfield>
    <subfield code="b">LBB</subfield>
    <subfield code="d">2015-09-10</subfield>
    <subfield code="l">1</subfield>
    <subfield code="m">1</subfield>
    <subfield code="o">AGR &#x179F;&#x17CA;&#x17B7;&#x1793; 1995 BOO11 Or.1</subfield>
    <subfield code="p">rua003633</subfield>
    <subfield code="r">2016-09-06</subfield>
    <subfield code="s">2016-08-08</subfield>
    <subfield code="w">2015-09-10</subfield>
    <subfield code="y">AGR</subfield>
  </datafield>
  <datafield tag="952" ind1=" " ind2=" ">
    <subfield code="0">0</subfield>
    <subfield code="1">0</subfield>
    <subfield code="2">ddc</subfield>
    <subfield code="4">0</subfield>
    <subfield code="6">AGR_&#x179F;&#x17B7;&#x1793;_1995_000000000000000_BOO11_OR_2</subfield>
    <subfield code="7">0</subfield>
    <subfield code="9">1084</subfield>
    <subfield code="a">LBB</subfield>
    <subfield code="b">LBB</subfield>
    <subfield code="d">2015-09-10</subfield>
    <subfield code="o">AGR &#x179F;&#x17CA;&#x17B7;&#x1793; 1995 BOO11 Or.2</subfield>
    <subfield code="p">rua003908</subfield>
    <subfield code="r">2015-09-10</subfield>
    <subfield code="w">2015-09-10</subfield>
    <subfield code="y">AGR</subfield>
  </datafield>
  <datafield tag="952" ind1=" " ind2=" ">
    <subfield code="0">0</subfield>
    <subfield code="1">0</subfield>
    <subfield code="2">ddc</subfield>
    <subfield code="4">0</subfield>
    <subfield code="6">AGR_&#x179F;&#x17B7;&#x1793;_1995_000000000000000_BOO11_OR_3</subfield>
    <subfield code="7">0</subfield>
    <subfield code="9">1085</subfield>
    <subfield code="a">LBB</subfield>
    <subfield code="b">LBB</subfield>
    <subfield code="d">2015-09-10</subfield>
    <subfield code="l">1</subfield>
    <subfield code="o">AGR &#x179F;&#x17CA;&#x17B7;&#x1793; 1995 BOO11 Or.3</subfield>
    <subfield code="p">rua006577</subfield>
    <subfield code="r">2020-01-31</subfield>
    <subfield code="s">2020-01-03</subfield>
    <subfield code="w">2015-09-10</subfield>
    <subfield code="y">AGR</subfield>
  </datafield>
  <datafield tag="952" ind1=" " ind2=" ">
    <subfield code="0">0</subfield>
    <subfield code="1">0</subfield>
    <subfield code="2">ddc</subfield>
    <subfield code="4">0</subfield>
    <subfield code="6">AGR_&#x179F;&#x17B7;&#x1793;_1995_000000000000000_BOO11_OR_4</subfield>
    <subfield code="7">0</subfield>
    <subfield code="9">1086</subfield>
    <subfield code="a">LBB</subfield>
    <subfield code="b">LBB</subfield>
    <subfield code="d">2015-09-10</subfield>
    <subfield code="o">AGR &#x179F;&#x17CA;&#x17B7;&#x1793; 1995 BOO11 Or.4</subfield>
    <subfield code="p">rua003767</subfield>
    <subfield code="r">2015-09-10</subfield>
    <subfield code="w">2015-09-10</subfield>
    <subfield code="y">AGR</subfield>
  </datafield>
  <datafield tag="952" ind1=" " ind2=" ">
    <subfield code="0">0</subfield>
    <subfield code="1">0</subfield>
    <subfield code="2">ddc</subfield>
    <subfield code="4">0</subfield>
    <subfield code="6">AGR_&#x179F;&#x17B7;&#x1793;_1995_000000000000000_BOO11_OR_5</subfield>
    <subfield code="7">0</subfield>
    <subfield code="9">1087</subfield>
    <subfield code="a">LBB</subfield>
    <subfield code="b">LBB</subfield>
    <subfield code="d">2015-09-10</subfield>
    <subfield code="l">1</subfield>
    <subfield code="o">AGR &#x179F;&#x17CA;&#x17B7;&#x1793; 1995 BOO11 Or.5</subfield>
    <subfield code="p">rua003695</subfield>
    <subfield code="r">2016-07-20</subfield>
    <subfield code="s">2016-07-18</subfield>
    <subfield code="w">2015-09-10</subfield>
    <subfield code="y">AGR</subfield>
  </datafield>
  <datafield tag="952" ind1=" " ind2=" ">
    <subfield code="0">0</subfield>
    <subfield code="1">0</subfield>
    <subfield code="2">ddc</subfield>
    <subfield code="4">0</subfield>
    <subfield code="6">AGR_&#x179F;&#x17B7;&#x1793;_1995_000000000000000_BOO11_OR_6</subfield>
    <subfield code="7">0</subfield>
    <subfield code="9">1088</subfield>
    <subfield code="a">LBB</subfield>
    <subfield code="b">LBB</subfield>
    <subfield code="d">2015-09-10</subfield>
    <subfield code="l">1</subfield>
    <subfield code="o">AGR &#x179F;&#x17CA;&#x17B7;&#x1793; 1995 BOO11 Or.6</subfield>
    <subfield code="p">rua003704</subfield>
    <subfield code="r">2017-11-10</subfield>
    <subfield code="s">2017-10-27</subfield>
    <subfield code="w">2015-09-10</subfield>
    <subfield code="y">AGR</subfield>
  </datafield>
  <datafield tag="952" ind1=" " ind2=" ">
    <subfield code="0">0</subfield>
    <subfield code="1">0</subfield>
    <subfield code="2">ddc</subfield>
    <subfield code="4">0</subfield>
    <subfield code="6">AGR_&#x179F;&#x17B7;&#x1793;_1995_000000000000000_BOO11_OR_7</subfield>
    <subfield code="7">0</subfield>
    <subfield code="9">1089</subfield>
    <subfield code="a">LBB</subfield>
    <subfield code="b">LBB</subfield>
    <subfield code="d">2015-09-10</subfield>
    <subfield code="l">1</subfield>
    <subfield code="m">1</subfield>
    <subfield code="o">AGR &#x179F;&#x17CA;&#x17B7;&#x1793; 1995 BOO11 Or.7</subfield>
    <subfield code="p">rua003705</subfield>
    <subfield code="r">2017-11-24</subfield>
    <subfield code="s">2017-10-27</subfield>
    <subfield code="w">2015-09-10</subfield>
    <subfield code="y">AGR</subfield>
  </datafield>
  <datafield tag="952" ind1=" " ind2=" ">
    <subfield code="0">0</subfield>
    <subfield code="1">0</subfield>
    <subfield code="2">ddc</subfield>
    <subfield code="4">0</subfield>
    <subfield code="6">AGR_&#x179F;&#x17B7;&#x1793;_1995_000000000000000_BOO11_OR_8</subfield>
    <subfield code="7">0</subfield>
    <subfield code="9">36373</subfield>
    <subfield code="a">LBB</subfield>
    <subfield code="b">LBB</subfield>
    <subfield code="d">2016-01-26</subfield>
    <subfield code="o">AGR &#x179F;&#x17CA;&#x17B7;&#x1793; 1995 BOO11 Or.8</subfield>
    <subfield code="p">RUA020738</subfield>
    <subfield code="r">2016-01-26</subfield>
    <subfield code="w">2016-01-26</subfield>
    <subfield code="y">AGR</subfield>
  </datafield>
</record>
